000 00863cam a2200241 a 4500
001 14859499
005 20260420184546.0
008 070522s2008 flua b 001 0 eng
020 _a9780849333583
_qalk. paper
020 _a084933358X
_qalk. paper
050 0 0 _aHV8073
_b.H215 2008
082 0 0 _a363.25
_222
100 1 _aHadley, Keith.
245 1 0 _aEnsuring competent performance in forensic practice :
_brecovery, analysis, interpretation, and reporting /
_cKeith Hadley, Michael J. Fereday.
260 _aBoca Raton, FL :
_bCRC Press,
_cc2008.
300 _a240 p. :
_bill. ;
_c25 cm.
650 0 _aForensic sciences
_xStandards.
650 0 _aCrime laboratories
_xStandards.
650 0 _aPerformance.
700 1 _aFereday, Michael J.
856 4 1 _3Table of contents only
_uhttp://www.loc.gov/catdir/toc/ecip0718/2007021259.html
942 _2lcc
_cBK
_n0
999 _c9322
_d9322